| 000 | 00739nam a2200253Ia 4500 | ||
|---|---|---|---|
| 003 | OSt | ||
| 005 | 20220925204912.0 | ||
| 006 | a|||||r|||| 00| 0 | ||
| 007 | ta | ||
| 008 | 220923b |||||||| |||| 00| 0 eng d | ||
| 037 | _cGeneral Book | ||
| 040 |
_aRTL _cRTL _beng |
||
| 041 |
_2eng _aeng |
||
| 082 | _aY72p1,N73, L5 | ||
| 100 |
_aTuttle Russell H Ed. _9269235 |
||
| 245 | 0 | _aPrimate functional morphology and evolution | |
| 260 |
_aHague _bMouton _c1975 |
||
| 300 |
_axv, 583p _ccm. |
||
| 490 | _aWorld Antrhropology Series Ed by Sol Tax | ||
| 500 | _aBibilgioaraphy chapterwise | ||
| 650 |
_aTribes _940733 |
||
| 942 |
_hY72p1,N73, L5 _cGB _2CC |
||
| 999 |
_c550735 _d550735 |
||